| 000 | 00411nam a22001577a 4500 | ||
|---|---|---|---|
| 999 |
_c2692 _d2692 |
||
| 008 | 200313b ||||| |||| 00| 0 eng d | ||
| 082 | 0 | 0 |
_a621.3841 _bR8231 |
| 100 |
_92299 _aRoss, W. |
||
| 245 | 1 | 0 |
_a(The) Sitting of direction finding stations _cby W. Ross |
| 260 |
_aLondon _bHMSO _c1952 |
||
| 300 | _a38 p. | ||
| 365 | _d1.02 | ||
| 650 | 0 | _aRadio Direction Finders | |
| 700 |
_92302 _aHorner, F. |
||
| 942 | _cBK | ||